| 000 | 00491nam a2200145Ia 4500 | ||
|---|---|---|---|
| 008 | 170221s9999 xx 000 0 und d | ||
| 100 | _aLevent Ozkocak | ||
| 245 | 2 | _aA Content Analysis: Environment Themes and Tools in Newspapers Advertisements Levent Ozkocak Yavuz Tuna | |
| 245 | _cLevent Ozkocak Yavuz Tuna | ||
| 260 | _bOnline Journal of Communication and Media Technologies | ||
| 260 | _c2015 | ||
| 650 | _xCommunication | ||
| 650 | _xMedia Arts | ||
| 856 | _uhttp://www.ojcmt.net/ | ||
| 999 |
_c309237 _d309237 |
||